000 00732nam a2200217Ia 4500
008 101110s9999 xx 000 0 und d
041 _aENGLISH
082 _bSR34438
100 _aCohen Ronald Jay, Swerdlik Mark E.
245 _aPsychological testing & assessment : an introduction to tests & mesurement, 7th ed
260 _c2010
_bTata McGraw Hill education, New Delhi
300 _a507
365 _b425
520 _aPsychology
546 _aENGLISH
630 _aPsychological testing & assessment : an introduction to tests & mesurement, 7th ed
650 _aPsychology
655 _aPsychology
730 _aPsychological testing & assessment : an introduction to tests & mesurement, 7th ed
942 _cBOOK
999 _c826939
_d826936